Man's many voices: language in its cultural contexts

Gardado en:
Detalles Bibliográficos
Autor Principal: Burling, Robbins (Author)
Formato: Libro
Idioma:inglés
Publicado: Nueva York Reinehart and Winston 1970
Subjects:
Tags: Engadir etiqueta
Sen Etiquetas, Sexa o primeiro en etiquetar este rexistro!

MARC

LEADER 00000nam a2200000 a 4500
001 UCJ2854
003 CL-VaPUC
008 070119e19700000US |||||||||||||||||eng|d
020 |a 030810019 
082 0 4 |a 410  |b BUR  |2 21 
100 0 |a Burling, Robbins  |e author  |9 503881 
245 1 0 |a Man's many voices: language in its cultural contexts 
300 |a 222 p 
942 |c BK 
945 |d 20070119 00:00:00  |a jtorresc 
260 |a Nueva York  |b Reinehart and Winston  |c 1970 
500 |a Donación de la Dra. Marianne Peronard Thierry 
650 0 |a Lenguaje y cultura  |9 311851 
650 0 |a Lingüística  |9 265068 
650 0 |a Aculturación   |9 307938 
650 0 |a Sociolingüística  |9 263716 
650 7 |a DIALECTOS  |2 CL-VaPUC  |9 348323 
650 7 |a LINGUISTICA DESCRIPTIVA  |2 CL-VaPUC  |9 503882 
583 |a last modification  |c 20070119 00:00:00  |k Rodrigo Vera 
999 |c 318983  |d 318981 
952 |0 0  |1 0  |4 0  |6 410_000000000000000_BUR_1970  |7 0  |8 A  |9 397205  |a FDOPOS  |b FDOPOS  |d 2019-11-22  |i 4316630  |o 410 BUR 1970  |p 4316630  |r 2025-01-22  |w 2019-11-22  |y BK  |k MLA